|
|
|
|
| LEADER |
01016nam a2200325 4500 |
| 001 |
DLU090079344 |
| 005 |
##20090608 |
| 040 |
# |
# |
|a DLU
|b eng
|
| 041 |
# |
# |
|a eng
|
| 044 |
# |
# |
|a UK
|
| 100 |
# |
# |
|a Spitaleri, Rosa Maria.
|
| 245 |
# |
# |
|a Multigrid computation for the two-dimensional shallow water equations /
|c Rosa Maria Spitaleri, Lorena Corinaldesi.
|
| 653 |
# |
# |
|a Error-smoothing algorithm
|
| 653 |
# |
# |
|a MG cycling
|
| 653 |
# |
# |
|a Multigrid computation
|
| 653 |
# |
# |
|a Prolongation
|
| 653 |
# |
# |
|a Restriction
|
| 653 |
# |
# |
|a Shallow water equations
|
| 653 |
# |
# |
|a Staggered grid
|
| 700 |
# |
# |
|a Corinaldesi, Lorena.
|
| 773 |
# |
# |
|t Nonlinear Analysis, Theory, Methods & Applications
|g Vol. 30, part 2 (December 1997), p. 709-717
|
| 920 |
# |
# |
|a Phòng Tạp chí -- Trung tâm Thông tin - Thư viện Trường Đại học Đà Lạt
|
| 994 |
# |
# |
|a DLU
|
| 900 |
# |
# |
|a True
|
| 911 |
# |
# |
|a Trương Bảo Trâm Anh
|
| 925 |
# |
# |
|a G
|
| 926 |
# |
# |
|a A
|
| 927 |
# |
# |
|a BB
|
| 980 |
# |
# |
|a Thư viện Trường Đại học Đà Lạt
|